| 000 | 00691nam a2200217 a 4500 | ||
|---|---|---|---|
| 001 | 2106 | ||
| 003 | CDMR | ||
| 005 | 20131118114321.0 | ||
| 008 | 130130s1986||||||||||||||||||||||||||||d | ||
| 020 | _a8434412500 | ||
| 040 |
_aCDMR _bcat _cCDMR |
||
| 100 | 1 |
_aValls, Josep Francesc _9258 |
|
| 245 | 1 | 3 |
_aLa jungla comunicativa _b: empresa y medios de comunicación en España _cJosep Francesc Valls ; prólogo de Xavier Adroer |
| 260 |
_aBarcelona _c1986 _bAriel |
||
| 300 | _a191 p. | ||
| 490 | 0 | _aAriel Comunicación | |
| 650 | 0 | 4 |
_91465 _aEmpresa informativa _zEspanya |
| 650 | 0 | 4 |
_9396 _aMitjans de comunicació de massa _zEspanya |
| 650 | 0 | 4 |
_9311 _aEmpreses periodístiques |
| 942 |
_cMON _2udc |
||
| 999 |
_c2106 _d2106 |
||